| 000 | 00802nam a22002417a 4500 | ||
|---|---|---|---|
| 005 | 20170124110238.0 | ||
| 010 | _aB-061220 | ||
| 020 |
_c00.00 _a8173281041 |
||
| 035 | _aB-061220 | ||
| 037 | _bCen Lib/Ret | ||
| 040 |
_aDPL _bEN |
||
| 082 |
_a330.954 _bAGA |
||
| 100 |
_aAgarwal, A.N. _97933 |
||
| 245 |
_aIndian economy : _cby A.N. Agarwal _bproblems of developments & planning / |
||
| 250 | _a27th ed | ||
| 260 |
_aNew Delhi _bWishwa Prakashan _c2001 |
||
| 270 |
_a4835/24, Ansari road, dariyaganj _bNew Delhi _e110002 |
||
| 300 |
_axv, 744p. _c21cm(Hb) |
||
| 500 | _aIncludes bibliographical references and appendix | ||
| 650 |
_aIndian economy -- Developments _993209 |
||
| 650 |
_aEconomic reforms -- Natural resources _993210 |
||
| 942 |
_2ddc _cEN _h330.954 _mAGA |
||
| 999 |
_c135028 _d135028 |
||